Представление документа в формате RUSMARC

ПолеНазваниеЗначение
  Тип записи a
  Библиографический уровень a
001 Контрольный номер DONNUET/MAIN/807c08d134d942e68b940152bc6151d6
005 Дата корректировки 20260522134407.2
100 Данные общей обработки __
a Данные общей обработки 20260505 ||| 0rusy0189 ca
101 Язык документа 0_
a Язык текста rus
102 Страна публикации __
a Страна публикации RU
181 Поле кодированных данных: вид содержания _0
a Код вида содержания (ISBD) i
182 Поле кодированных данных: тип средства _0
a Код типа средства (ISBD) b
200 Заглавие и сведения об ответственности 1_
a Заглавие Проблемы рационального питания студентов
f Первые сведения об ответственности Т.А. Милохова, А.С. Кривошеев
203 Вид содержания и тип средства __
a Вид содержания Текст
c Тип средства электронный
320 Библиография __
a Библиография Список литературы: с. 165-166
330 Аннотация __
a Аннотация Здоровье молодого поколения - важнейший вопрос обеспечения будущего нации. Одним из основных факторов здорового образа жизни подростков является правильное питание. Полноценное питание обеспечивает нормальный рост и развитие молодого организма, способствует профилактике различных заболеваний, повышению работоспособности и максимальной продолжительности активной жизни, создает условия для укрепления иммунной системы.
463 Уровень физической единицы _0
1 2000
a Технология и гигиена питания к 105-летию ФГБОУ ВО «ДонНУЭТ имени Михаила Туган-Барановского»
f М.А. Кураш, В.Н. Кощавка, Л.В. Чёрный-Швец [и др.]
e материал всероссийской научно-практической интернет конференции, Донецк, 28 марта 2025 г
g Донецкий национальный университет экономики и торговли им.М.Туган-Барановского,
v C. 163-166
1 2101
a Донецк
c ДОННУЭТ
d 2025
1 001DONNUET/MAIN/d046d51bd2354f69a3afba56ebe24c17
606 Тематические рубрики __
a Основная рубрика Гигиена питания. Рациональное питание
610 Ключевые слова 0_
a Ключевые слова питание студентов
a Ключевые слова рациональное питание
a Ключевые слова хронические заболевания
a Ключевые слова пищевые привычки
a Ключевые слова онлайн-анкетирования
a Ключевые слова индексы массы тела
686 Индексы других классификаций __
2 Код системы rubbk
a Классификационный индекс Р123.0
700 Автор _1
a Фамилия Милохова
b Имя Т.А.
p Наименование/ адрес организации ДОННУЭТ
4 Код отношения 070
701 Альтернативная интеллектуальная ответственность _1
a Фамилия Кривошеев
b Имя А.С.
4 Код отношения 070
801 Источник записи _0
a Страна RU
b Организация DONNUET
c Дата составления 20260505
g Правила каталогизации PSBO
801 Источник записи _1
a Страна RU
c Дата составления 20260505
g Правила каталогизации PSBO
901 Тип документа __
t Тип документа a
w Контрольный № источника DONNUET/MAIN/d046d51bd2354f69a3afba56ebe24c17
905 Дата создания БЗ __
b Логин сотрудника, создавшего запись Pasynkova
952 Тип литературы __
c Вид литературы научные документы